00416nam a2200133Ia 4500008004100000100002300041245001600064260000900080300003300089440002400122650004500146999001900191952007200210180117s9999 xx 000 0 und d aby Beth Day Romulo aAnother Day c2017 a24-25 pages, 2017 February 5 aPhilippine Panorama aPRESIDENT'S TRUMP SECRETARY OF EDUCATION c353468d353468 001040aCLbCLd2018-01-17l0r2018-01-17 00:00:00w2018-01-17ySE